Central Library OPAC University of Rajshahi

The Bombay money market / (Record no. 45678)

MARC details
000 -LEADER
fixed length control field 00576nam a2200217 a 4500
001 - CONTROL NUMBER
control field 45678
003 - CONTROL NUMBER IDENTIFIER
rucl marc code BD-RjUL
005 - DATE AND TIME OF LATEST TRANSACTION
control field 20211209054043.0
008 - FIXED-LENGTH DATA ELEMENTS--GENERAL INFORMATION
fixed length control field 160727b1953 enk||||| |||| 001 0 eng d
035 ## - SYSTEM CONTROL NUMBER
System control number (BD-RjUL) 45796
040 ## - CATALOGING SOURCE
Original cataloging agency BD-RjUL
Language of cataloging eng
Transcribing agency BD-RjUL
041 ## - LANGUAGE CODE
Language code of text/sound track or separate title eng
082 ## - DEWEY DECIMAL CLASSIFICATION NUMBER
Edition number 23
Classification number 332
Author mark and year PAB 1953
100 1# - MAIN ENTRY--PERSONAL NAME
Personal name Parekh, H T
9 (RLIN) 139791
245 14 - TITLE STATEMENT
Title The Bombay money market /
Statement of responsibility, etc. H T Parekh
260 ## - PUBLICATION, DISTRIBUTION, ETC. (IMPRINT)
Place of publication, distribution, etc. London :
Name of publisher, distributor, etc. Oxford University Press,
Date of publication, distribution, etc. 1953
300 ## - PHYSICAL DESCRIPTION
Pagination vii, 226 p. ;
Size 19cm.
500 ## - GENERAL NOTE
General note Includes index.
650 ## - SUBJECT ADDED ENTRY--TOPICAL TERM
Topical term or geographic name as entry element Finance
9 (RLIN) 139792
942 ## - ADDED ENTRY ELEMENTS (KOHA)
Source of classification or shelving scheme Dewey Decimal Classification
Koha item type Books
Holdings
Lost status Source of classification or shelving scheme Damaged status Not for loan Collection code Permanent Location Current Location Shelving location Date acquired Source of acquisition Cost, normal purchase price Total Checkouts Full call number Date last seen Copy number Koha item type
  Dewey Decimal Classification     Non-fiction Central Library, University of Rajshahi Central Library, University of Rajshahi   27/05/1955 O.U.P. 9.04   332 PAB 1953 27/07/2016 C-2 Books